000 00681nam a2200205 a 4500
001 000025581
005 20240412074252.0
008 110218s2004 dr 000 p spa d
040 _aDO-SdBNP
_bspa
_cBNPHU
082 _aRD861.44
_bP349c
100 1 _aPeña Guzmán, Julio César de
_952260
245 1 0 _aCanto a la luna :
_bpoemas /
_cJulio César de Peña Guzmán.
260 _aSanto Domingo :
_bBúho,
_c2004.
300 _a62 p. ;
_c22 cm.
500 _aDel poemario Canto al hombre y a la naturaleza (Inédito).
590 _aInventariado, 2018/LP
650 0 _aPoesía dominicana
_966
650 0 _aLiteratura dominicana.
_967
910 _aValidado. Control de calidad MFF
999 _c25073
_d25073